กฎหมายใหม่ (ระเบียนเลขที่ 85839)
| 000 -LEADER | |
|---|---|
| fixed length control field | 00981nas a22002057a 4500 |
| 003 - CONTROL NUMBER IDENTIFIER | |
| control field | NALT |
| 005 - DATE AND TIME OF LATEST TRANSACTION | |
| control field | 20211126141809.0 |
| 008 - FIXED-LENGTH DATA ELEMENTS--GENERAL INFORMATION | |
| fixed length control field | 210325b th ||||| |||| 00| 0 tha d |
| 022 ## - INTERNATIONAL STANDARD SERIAL NUMBER | |
| International Standard Serial Number | 16857232 |
| 040 ## - CATALOGING SOURCE | |
| Original cataloging agency | NALT |
| 041 0# - LANGUAGE CODE | |
| Language code of text/sound track or separate title | tha |
| 245 10 - TITLE STATEMENT | |
| Title | กฎหมายใหม่ |
| 260 3# - PUBLICATION, DISTRIBUTION, ETC. | |
| Name of publisher, distributor, etc. | ลอร์ ไดเจสท์ |
| 310 ## - CURRENT PUBLICATION FREQUENCY | |
| Current publication frequency | รายปักษ์ |
| 500 ## - GENERAL NOTE | |
| General note | เปลี่ยนชื่อจากวารสารข่าวกฎหมายใหม่เป็นชื่อวารสารกฎหมายใหม่ |
| 850 ## - HOLDING INSTITUTION | |
| Holding institution | NALT |
| 866 31 - TEXTUAL HOLDINGS--BASIC BIBLIOGRAPHIC UNIT | |
| Textual string | Vol. 3 No. 67, Vol. 3 No. 68, Vol. 3 No. 69, Vol. 4 No. 70, Vol. 4 No. 71, Vol. 4 No. 72, Vol. 4 No. 73, Vol. 4 No. 74, Vol. 4 No. 75, Vol. 4 No. 76, Vol. 4 No. 77, Vol. 4 No. 79, Vol. 4 No. 80, Vol. 4 No. 81, Vol. 5 No. 82, Vol. 5 No. 83, Vol. 5 No. 84, Vol. 5 No. 85, Vol. 5 No. 86, Vol. 5 No. 83, Vol. 5 No. 87, Vol. 5 No. 88 |
| 942 ## - ADDED ENTRY ELEMENTS (KOHA) | |
| Koha item type | Journal/Magazine |
| Source of classification or shelving scheme | Library of Congress Classification |
| 998 ## - STAFF NAME (NALT) | |
| -- | 755 |
| -- | จินตนา เอี่ยมคง |
| Withdrawn status | Lost status | Damaged status | Not for loan | Collection code | Home library | Current library | Date acquired | Serial Enumeration / chronology | Total Checkouts | Barcode | Date last seen | Price effective from | Koha item type |
|---|---|---|---|---|---|---|---|---|---|---|---|---|---|
| Journals & Periodicals collection | National Assembly Library of Thailand | National Assembly Library of Thailand | 09/06/2017 | ปีที่ 5 ฉบับที่ 92 | 2900009346 | 09/06/2017 | 09/06/2017 | Journal/Magazine | |||||
| Journals & Periodicals collection | National Assembly Library of Thailand | National Assembly Library of Thailand | 09/06/2017 | ปีที่ 5 ฉบับที่ 83 | 2900008446 | 09/06/2017 | 09/06/2017 | Journal/Magazine | |||||
| Journals & Periodicals collection | National Assembly Library of Thailand | National Assembly Library of Thailand | 09/06/2017 | ปีที่ 4 ฉบับที่ 81 | 2900007556 | 09/06/2017 | 09/06/2017 | Journal/Magazine |
